000 00715nam a2200229 a 4500
005 20240228063923.0
008 080421s1997 es r 000 0 spa d
020 _a8488061889
035 _aUPN01000155547
049 _aI
050 4 _aPZ76.3
_bK7.34
100 1 _aKrailing, Tessa
245 1 3 _aLa cabrita revoltosa /
_cTessa Krailing ; il. Jan Lewis ; tr. Pedro González del Campo.
260 _aBarcelona [Esp.] :
_bSerres,
_c1997.
300 _a96 p. :
_bil.
440 3 _aEl club de las mascotas ;
_v1
534 _pTítulo original :
_tJilly the Kid
650 0 _aAnimales
_vCuentos y leyendas
_9234
650 4 _aLibros y lectura para niños
_92290
700 1 _aLewis, Jan,
_eil.
905 _aInfantil
999 _c127662
_d127662